'80s Songs with Weird Lyrics (Challenging!) - Statistics

General Stats
  • This quiz has been taken 41 times
  • The average score is 8 of 29
Answer Stats
Hint Answer % Correct
He just smiled and gave me a Vegemite sandwich "Down Under," Men at Work
81%
And the Christmas bells that ring there
Are the clanging chimes of doom
Well, tonight thank God it's them instead of you
"Do They Know It's Christmas?" Band Aid
68%
Last night, I had the strangest dream
I sailed away to China in a little rowboat to find ya
And you said you had to get your laundry clean
"Break My Stride," Matthew Wilder
61%
Gold crocodiles (Oh-way-oh)
They snap their teeth on your cigarette
"Walk Like an Egyptian," The Bangles
55%
Get Thai'd! You're talking to a tourist
Whose every move's among the purest
I get my kicks above the waistline, sunshine
"One Night in Bangkok," Murray Head
52%
Marconi plays the mamba
Listen to the radio
"We Built This City," Starship
52%
I've got a secret, I've been hiding under my skin
My heart is human, my blood is boiling, my brain IBM
"Mr. Roboto," Styx
39%
We're heading for Venus and still we stand tall
Cause maybe they've seen us and welcome us all
"The Final Countdown," Europe
39%
Take your baby by the hand
And make her do a high handstand
"Dance Hall Days," Wang Chung
32%
Leonid Breshnev, Lenny Bruce and Lester Bangs
Birthday party, cheesecake, jelly bean, boom
"It's The End of the World As We Know It," R.E.M.
32%
Silk and satin, leather and lace
Black panties with an angel's face
"Abracadabra," The Steve Miller Band
29%
I wish I was in Tijuana
Eating barbecued iguana
"Mexican Radio," Wall of Voodoo
29%
That dreamy look in your eye
Give me a tropical contact high
"Kokomo," The Beach Boys
26%
Now the king told the boogie men
"You have to let that raga drop"
"Rock The Casbah," The Clash
26%
Take your seaside arms and write the next line "True," Spandau Ballet
26%
There's a dead salmon frozen in a waterfall "King of Pain," The Police
23%
Chipping around, kick my brains 'round the floor "Under Pressure," Queen & David Bowie
23%
Look for the purple banana
'Til they put us in the truck, let's go
"Let's Go Crazy," Prince
19%
(spoken) Good heavens, Miss Sakamoto, you're beautiful! "She Blinded Me With Science," Thomas Dolby
19%
I'm wearing fur pajamas / I ride a hot potato
It's tickling my fancy / Speak up, I can't hear you
"Wild Wild Life," Talking Heads
19%
You turned the tap dance into your crusade
Now here you are with your faith
And your Peter Pan advice
"Pressure," Billy Joel
16%
Modern medicine falls short of your complaint
Ooh, try a little harder
You're moving in circles, won't you dilate?
"Too Shy," Kajagoogoo
16%
Don't hang yourself with a celibate rope
"Bust a Move," Young MC
13%
Shake up the picture, the lizard mixture
With your dance on the eventide
"New Moon on Monday," Duran Duran
10%
Only time will tell if we stand the test of time "Why Can't This Be Love?, Van Halen
6%
We were in motion, felt like lotion
You were the girl for me
"You Dropped a Bomb on Me," The Gap Band
6%
You think you're tired now, but wait until three
Laughing at the Christmas lights you remember from December
"Let's Go To Bed," The Cure
3%
I am not a man who believes in lies
Like an octopus with big x-ray eyes
"Strip," Adam Ant
3%
Like a Burger King with a sack of Big Macs
We're throwin' down with a rack of Bozaks
"Jam On It," Newcleus
0%
No matching quizzes found
Score Distribution
Percent of People with Each Score
Percentile by Number Answered
Your Score History
You have not taken this quiz